TV Catchphrases II Quiz Stats

Quiz Updated Sep 29, 2014

Also try: TV Catchphrases
Challenge
Share
Tweet
Embed
Score 0/24 Timer 05:00
5 Plays Today
Catchphrase Show % Correct
'To the Batmobile!'Batman
93%
'Live long and prosper.'Star Trek
89.2%
'D'oh!'The Simpsons
88.9%
'Will you accept this rose?'The Bachelor
82.2%
'Bazinga!'The Big Bang Theory
81.6%
'It's gonna be legen - wait for it - dary.'How I Met Your Mother
78.8%
'How you doin'?'Friends
78.8%
'I pity the fool.'The A-Team
77.6%
'Yada, yada, yada.'Seinfeld
68.8%
'Did I do that?'Family Matters
67.7%
'The truth is out there.'The X-Files
66.2%
'Heeere's Johnny!'The Tonight Show Starring Johnny Carson
65.5%
Catchphrase Show % Correct
'Eh, what's up doc?'Looney Tunes
64.4%
'This tape will self-destruct in five seconds.'Mission: Impossible
63.6%
'You are/are not the father.'Maury
58.1%
'Save the cheerleader, save the world.'Heroes
57.2%
'A Lannister always pays his debts.'Game of Thrones
57%
'That's what she said.'The Office
54.1%
'Cut - it - out.'Full House
48.8%
'Elizabeth, I'm coming!'Sanford and Son
33.9%
'Up your nose with a rubber hose.'Welcome Back, Kotter
31.8%
'The game is afoot.'Adventures of Sherlock Holmes
21.6%
'Everybody lies.'House
19.5%
'Don't tell me what I can't do!'Lost
15.1%

You're not logged in!

Compare scores with friends on all Sporcle quizzes.
Sign Up with Email
OR
Log In

You Might Also Like...

Show Comments

Extras

Top Quizzes Today


Score Distribution

Your Account Isn't Verified!

In order to create a playlist on Sporcle, you need to verify the email address you used during registration. Go to your Sporcle Settings to finish the process.